[Event "It"]
[Site "masterchessopen.com Zalaegerszeg (Hungary)"]
[Round "5"]
[White "Petran Pal (HUN)"]
[Black "Portisch Ferenc (HUN)"]
[Result "0-1"]
[WhiteElo "2384"]
[BlackElo "2342"]

1.d4 Nf6 2.c4 g6 3.Nc3 Bg7 4.Nf3 O-O 5.g3 d6 6.Bg2 Nbd7 7.O-O e5 8.e4 c6 9.h3
Re8 10.Be3 exd4 11.Nxd4 Nc5 12.Qc2 a5 13.Rfe1 a4 14.Rab1 Qe7 15.b4 axb3
16.axb3 Nfxe4 17.Nxe4 Nxe4 18.Rbd1 Bd7 19.Bf4 f5 20.f3 g5 21.Be3 Nxg3 22.Bf2
Qxe1+ 23.Bxe1 Bxd4+ 24.Kh2 Re2 25.Bd2 Be5 26.Kg1 f4 27.b4 Ra3 28.c5 d5 {#R}
0-1

[Event "Ch Netherlands (open)"]
[Site "masterchessopen.com Velp (Netherlands)"]
[Round "3"]
[White "Moors Hans (GER)"]
[Black "Gelpke Peter (NED)"]
[Result "0-1"]
[WhiteElo "2278"]
[BlackElo "2364"]

1.c4 Nf6 2.Nf3 g6 3.g3 Bg7 4.Bg2 O-O 5.O-O c6 6.Nc3 d6 7.d4 Nbd7 8.e4 e5 9.h3
Qa5 10.d5 cxd5 11.cxd5 b5 12.Re1 Nc5 13.a3 b4 14.axb4 Qxb4 15.Be3 Nfd7 16.Bf1
Qxb2 17.Nb5 a5 18.Bc4 Qb4 19.Qc2 Nb6 20.Nxd6 Nxc4 21.Reb1 Nxe3 22.fxe3 Nb3
23.Nxc8 Raxc8 24.Qxb3 Rc1+ 25.Kf2 Qxb3 {#R} 0-1

[Event "It"]
[Site "masterchessopen.com Brighton (England)"]
[Round "0"]
[White "Whiteley Andrew J (ENG)"]
[Black "McDonald-Ross Michael (SCO)"]
[Result "1-0"]
[WhiteElo "2280"]
[BlackElo "2169"]

1.d4 Nf6 2.c4 d6 3.Nf3 g6 4.g3 Bg7 5.Bg2 O-O 6.O-O Nbd7 7.Nc3 e5 8.e4 c6 9.h3
Qb6 10.Re1 Re8 11.Rb1 exd4 12.Nxd4 Ng4 13.Nce2 Nge5 14.Qc2 Nc5 15.Be3 Qb4
16.b3 a5 17.Red1 Ned7 18.Nc3 Nf8 19.a3 Qxa3 20.Ncb5 cxb5 21.Nxb5 Qb4 22.Bd2
{#r} 1-0

[Event "Ch Iceland"]
[Site "masterchessopen.com Reykjavik (Iceland)"]
[Round "4"]
[White "Gudmundsson Elvar (ISL)"]
[Black "Jonsson Johannes G (ISL)"]
[Result "1-0"]
[WhiteElo "2316"]
[BlackElo "2315"]

1.c4 Nf6 2.Nf3 g6 3.g3 Bg7 4.d4 d6 5.Bg2 O-O 6.O-O Nbd7 7.Nc3 e5 8.e4 c6 9.h3
a5 10.Re1 exd4 11.Nxd4 Re8 12.Qc2 Nc5 13.Re2 Nfd7 14.Be3 a4 15.Rd1 Qa5 16.f4
Qb4 17.Nb1 Nb6 18.Na3 Ne6 19.Red2 Nc5 20.Bf2 Bd7 21.Be1 Qa5 22.Ne2 Qa6 23.Rxd6
Be6 24.Bf2 Nxc4 25.Rxe6 Rxe6 26.Nxc4 Bf8 27.e5 Ree8 28.Nd6 Bxd6 29.Rxd6 Ne6
30.Nc3 {#r} 1-0

[Event "Olympiad (w)"]
[Site "masterchessopen.com Malta"]
[Round "0"]
[White "Szmacinska Grazyna (POL)"]
[Black "Crotto Rachel (USA)"]
[Result "0-1"]
[WhiteElo "2181"]
[BlackElo "2135"]

1.d4 Nf6 2.c4 g6 3.g3 Bg7 4.Bg2 O-O 5.Nf3 d6 6.O-O Nbd7 7.Nc3 e5 8.e4 c6 9.h3
Qb6 10.d5 c5 11.Rb1 Qd8 12.a3 Kh8 13.Bg5 h6 14.Be3 Ng8 15.b4 b6 16.Qa4 Ne7
17.Nb5 Nf6 18.bxc5 bxc5 19.Nd2 Nh5 20.Nb3 a6 21.Nc3 f5 22.exf5 Nxf5 23.Bd2 Nf6
24.Na5 Rf7 25.Nc6 Qf8 26.Qa5 Nd4 27.Qd8 Bxh3 28.Qxf8+ Bxf8 {#R} 0-1

[Event "It"]
[Site "masterchessopen.com Reggio Emilia (Italy)"]
[Round "0"]
[White "Renman Nils-Gustaf (SWE)"]
[Black "Minic Dragoljub (CRO)"]
[Result "1-0"]
[WhiteElo "2425"]
[BlackElo "2405"]

1.d4 Nf6 2.Nf3 d6 3.c4 Nbd7 4.Nc3 e5 5.g3 g6 6.Bg2 Bg7 7.O-O O-O 8.e4 c6 9.h3
Qb6 10.d5 Nc5 11.Qe2 Bd7 12.Be3 cxd5 13.cxd5 Rfc8 14.Rab1 a5 15.Nd2 Qa6
16.Qxa6 Nxa6 17.Rfc1 b5 18.Bf1 Nc7 19.a4 b4 20.Nb5 Nfe8 21.Na7 Rcb8 22.Nc6 f5
23.Nxb8 Rxb8 24.f3 f4 25.gxf4 Bxa4 26.fxe5 Bxe5 27.Nc4 Bb3 28.Nxe5 dxe5 29.d6
Ne6 30.d7 Nd6 31.Rc6 {#r} 1-0

[Event "Ch World (team) (under 26)"]
[Site "masterchessopen.com Graz (Austria)"]
[Round "0"]
[White "Gruen Peter (GER)"]
[Black "Santo-Roman Marc (FRA)"]
[Result "0-1"]
[WhiteElo "2370"]
[BlackElo "2392"]

1.d4 Nf6 2.c4 g6 3.Nf3 Bg7 4.g3 O-O 5.Bg2 d6 6.O-O c6 7.Nc3 Nbd7 8.e4 e5 9.h3
exd4 10.Nxd4 Re8 11.Re1 Nc5 12.b4 Ne6 13.Nc2 a5 14.a3 axb4 15.axb4 Rxa1
16.Nxa1 Nd7 17.Bb2 Ne5 18.Bf1 Ng5 19.f4 Nef3+ 20.Kh1 Qb6 21.c5 Qxb4 {#R} 0-1

[Event "Ch NRW"]
[Site "masterchessopen.com Niederdreisbach (Germany)"]
[Round "0"]
[White "Schmidt Gerhard (GER)"]
[Black "Ostermeyer Peter Dr (GER)"]
[Result "0-1"]
[WhiteElo "2078"]
[BlackElo "2415"]

1.Nf3 Nf6 2.g3 g6 3.Bg2 Bg7 4.O-O O-O 5.c4 d6 6.d4 Nbd7 7.Nc3 e5 8.e4 c6 9.h3
Re8 10.Re1 exd4 11.Nxd4 a5 12.Be3 Nc5 13.f3 a4 14.Rb1 Nfd7 15.Bf1 h5 16.Qd2
Ne5 17.Rbd1 Qa5 18.a3 Be6 19.Qf2 Bxc4 20.Bxc4 Nxc4 21.Bf4 Ne5 22.Bxe5 Bxe5
23.f4 Bg7 24.Nf3 {#R} 0-1

[Event "It (cat.7)"]
[Site "masterchessopen.com Vrnjacka Banja (Serbia)"]
[Round "0"]
[White "Djukic Zeljko (SRB)"]
[Black "Barlov Dragan (SRB)"]
[Result "0-1"]
[WhiteElo "2380"]
[BlackElo "2405"]

1.d4 Nf6 2.c4 d6 3.Nc3 Nbd7 4.Nf3 g6 5.g3 Bg7 6.Bg2 O-O 7.O-O c6 8.e4 e5 9.h3
exd4 10.Nxd4 Qb6 11.Nc2 Ne8 12.Bd2 Ne5 13.b3 f5 14.Be3 Qa5 15.Bd4 f4 16.gxf4
Rxf4 17.Ne2 Nf3+ 18.Bxf3 Rxf3 19.Ng3 Rf8 20.Kg2 Qg5 21.Rh1 Qh4 22.Qd2 Be5
23.Be3 Nf6 24.f4 Bxa1 25.Nxa1 Qxg3+ {#R} 0-1

[Event "Ch Asturias (qual.)"]
[Site "masterchessopen.com Asturias (Spain)"]
[Round "5"]
[White "Corral Blanco Juan Antonio (ESP)"]
[Black "Da Costa Renan Levy (BRA)"]
[Result "1-0"]
[WhiteElo "2436"]
[BlackElo "2305"]

1.c4 Nf6 2.Nc3 g6 3.Nf3 Bg7 4.g3 d6 5.d4 O-O 6.Bg2 Nbd7 7.O-O e5 8.e4 c6 9.h3
Qb6 10.d5 Nc5 11.Qe2 a5 12.Be3 Qc7 13.Nd2 Nfd7 14.f3 h5 15.g4 h4 16.b3 Qd8
17.a3 cxd5 18.cxd5 b6 19.b4 Ba6 20.Nb5 Na4 21.Rfc1 Rc8 22.Qd3 Nb8 23.Bf1 Qd7
24.bxa5 Nc5 25.Qb1 bxa5 26.Nc4 Qxb5 27.Nxd6 Qxb1 28.Raxb1 Bxf1 29.Nxc8 Rxc8
30.Rxc5 Rxc5 31.Rxb8+ {#r} 1-0

[Event "It (open)"]
[Site "masterchessopen.com Caorle (Italy)"]
[Round "8"]
[White "Profumo Alberto (ITA)"]
[Black "Dmitrovic Zoran (MKD)"]
[Result "1-0"]
[WhiteElo "2235"]
[BlackElo "2122"]

1.Nf3 Nf6 2.g3 g6 3.Bg2 Bg7 4.O-O O-O 5.d4 d6 6.c4 Nbd7 7.Nc3 e5 8.e4 c6 9.h3
Qb6 10.dxe5 dxe5 11.Qc2 Re8 12.Be3 Qc7 13.Rfd1 Bf8 14.Na4 Nb6 15.Nc5 Nbd7
16.Nb3 a5 17.a4 Nb8 18.c5 Na6 19.Nfd2 Nb4 20.Qc3 Be6 21.Nc4 Bxc4 22.Qxc4 Nd7
23.Rd2 {#r} 1-0

[Event "It (cat.9)"]
[Site "masterchessopen.com Habana (Cuba)"]
[Round "0"]
[White "Sisniega Marcel (MEX)"]
[Black "Rodriguez Amador (ESP)"]
[Result "0-1"]
[WhiteElo "2440"]
[BlackElo "2480"]

1.c4 g6 2.Nc3 Bg7 3.g3 Nf6 4.Bg2 O-O 5.Nf3 d6 6.d4 Nbd7 7.O-O e5 8.e4 c6 9.h3
Qb6 10.Rb1 Qb4 11.Qb3 a5 12.dxe5 Nxe5 13.Nxe5 dxe5 14.Na4 Be6 15.Nb6 Qxb3
16.axb3 Rad8 17.Na4 Nd7 18.Be3 b5 19.Nc5 Nxc5 20.Bxc5 Rfe8 21.Ra1 Rd3 22.cxb5
cxb5 23.b4 axb4 24.Be3 Rb3 25.Bc1 Bf8 26.Rd1 Bc5 27.Bf1 Rxg3+ 28.Kh2 Rf3 {#R}
0-1

[Event "It (open)"]
[Site "masterchessopen.com Bela Crkva (Yugoslavia)"]
[Round "0"]
[White "Pavlovic Dragoljub (SRB)"]
[Black "Benhadi Aziz Madani (ALG)"]
[Result "1-0"]
[WhiteElo "2345"]
[BlackElo "2155"]

1.d4 Nf6 2.c4 g6 3.Nf3 Bg7 4.g3 O-O 5.Bg2 d6 6.O-O c6 7.Nc3 Nbd7 8.e4 e5 9.h3
Re8 10.Re1 exd4 11.Nxd4 Nc5 12.Kh2 a5 13.b3 d5 14.exd5 Nxd5 15.cxd5 Rxe1
16.Qxe1 Bxd4 17.Be3 Nd3 18.Qd2 Bxe3 19.Qxe3 Nb4 20.dxc6 Nxc6 21.Rd1 Qf8 22.Qb6
Qb4 23.Nd5 Qd6 24.Qc7 {#r} 1-0

[Event "It (open)"]
[Site "masterchessopen.com Berlin (Germany)"]
[Round "0"]
[White "Padevsky Nikola (BUL)"]
[Black "Trettin Ulrich (GER)"]
[Result "1-0"]
[WhiteElo "2445"]
[BlackElo "2194"]

1.d4 Nf6 2.c4 g6 3.Nf3 Bg7 4.g3 O-O 5.Bg2 d6 6.O-O Nbd7 7.Nc3 e5 8.e4 c6 9.h3
Qb6 10.Re1 exd4 11.Nxd4 Ng4 12.Nce2 Nge5 13.b3 Nc5 14.Be3 f5 15.exf5 gxf5
16.Nf4 Qa5 17.a3 Qd8 18.b4 Ne4 19.Nde6 Bxe6 20.Nxe6 Qf6 21.Nxf8 Nxc4 22.Qb3
Qc3 23.Qa2 d5 24.Ne6 Nxe3 25.fxe3 Bh6 26.Nf4 Nxg3 27.Kh2 Re8 28.Rac1 Qg7 {#r}
1-0

[Event "It"]
[Site "masterchessopen.com Czestochowa (Poland)"]
[Round "0"]
[White "Tomaszewski Roman (POL)"]
[Black "Thipsay Praveen M (IND)"]
[Result "0-1"]
[WhiteElo "2332"]
[BlackElo "2445"]

1.d4 Nf6 2.c4 g6 3.Nf3 Bg7 4.g3 O-O 5.Bg2 d6 6.O-O Nbd7 7.Nc3 e5 8.e4 c6 9.h3
Qb6 10.Re1 exd4 11.Nxd4 Ng4 12.Nce2 Nge5 13.b3 Nc5 14.Be3 a5 15.Rb1 Re8 16.a3
Qc7 17.Qc2 Qe7 18.f4 Ned3 19.Red1 Bxh3 20.Bxh3 Qxe4 21.Bf2 Nxf2 22.Kxf2 Qe3+
23.Kg2 Ne4 24.Kh2 Bxd4 25.Bg2 Bg7 26.Rd3 Qc5 27.Bf3 Qf2+ 28.Bg2 Nf6 29.Nd4
Ng4+ 30.Kh3 Qxc2 {#R} 0-1

[Event "Olympiad"]
[Site "masterchessopen.com Salonika (Greece)"]
[Round "0"]
[White "Roos Celine (FRA)"]
[Black "Berg Tine"]
[Result "1-0"]
[WhiteElo "2160"]
[BlackElo "2240"]

1.c4 Nf6 2.Nc3 g6 3.Nf3 Bg7 4.g3 d6 5.d4 O-O 6.Bg2 Nbd7 7.O-O c6 8.e4 e5 9.h3
a5 10.Be3 h6 11.Qc2 exd4 12.Nxd4 Qe7 13.Rad1 Nc5 14.Rfe1 Ne8 15.Kh2 Ne6
16.Nxe6 Bxe6 17.c5 Kh7 18.cxd6 Qd7 19.Na4 Rb8 20.Bb6 c5 21.b3 Bd4 22.e5 Rc8
23.Qe2 f6 24.exf6 Rxf6 25.Rxd4 cxd4 26.Bxd4 {#r} 1-0

[Event "It (cat.8)"]
[Site "masterchessopen.com Smederevska Palanka (Yugoslavia)"]
[Round "0"]
[White "Kirov Nino (BUL)"]
[Black "Cvitan Ognjen (CRO)"]
[Result "1-0"]
[WhiteElo "2430"]
[BlackElo "2480"]

1.Nf3 Nf6 2.g3 g6 3.Bg2 Bg7 4.c4 d6 5.d4 O-O 6.O-O Nbd7 7.Nc3 e5 8.e4 c6 9.h3
Qb6 10.c5 dxc5 11.dxe5 Ne8 12.Na4 Qb4 13.Bd2 Qxe4 14.Re1 Qf5 15.g4 Qd3 16.Bf1
Qd5 17.Nc3 Qe6 18.Ng5 Qe7 19.e6 fxe6 20.Nxe6 Be5 21.Nxf8 Qxf8 22.Ne4 Nef6
23.Bc4+ Nd5 24.Bc3 Bxc3 25.Bxd5+ cxd5 26.Qxd5+ Kg7 27.bxc3 {#r} 1-0

[Event "It (open) \"]
[Site "masterchessopen.com Berlin (Germany)"]
[Round "3"]
[White "Padevsky Nikola (BUL)"]
[Black "Trettin Ulrich (GER)"]
[Result "1-0"]
[WhiteElo "2445"]
[BlackElo "2194"]

1.d4 Nf6 2.c4 g6 3.Nf3 Bg7 4.g3 O-O 5.Bg2 d6 6.O-O Nbd7 7.Nc3 e5 8.e4 c6 9.h3
Qb6 10.Re1 exd4 11.Nxd4 Ng4 12.Nce2 Nge5 13.b3 Nc5 14.Be3 f5 15.exf5 gxf5
16.Nf4 Qa5 17.a3 Qd8 18.b4 Ne4 19.Nfe6 Bxe6 20.Nxe6 Qf6 21.Nxf8 Nxc4 22.Qb3
Qc3 23.Qa2 d5 24.Ne6 Nxe3 25.fxe3 Bh6 26.Nf4 Nxg3 27.Kh2 Re8 28.Rac1 Qg7 {#r}
1-0

[Event "It"]
[Site "masterchessopen.com Krizevci (Croatia)"]
[Round "0"]
[White "Stefanov Parik (ROM)"]
[Black "Zoric Slavomir (YUG)"]
[Result "1-0"]
[WhiteElo "2331"]
[BlackElo "2220"]

1.Nf3 Nf6 2.g3 g6 3.Bg2 Bg7 4.d4 O-O 5.c4 d6 6.O-O Nbd7 7.Nc3 e5 8.e4 c6 9.h3
Qa5 10.Re1 Re8 11.Bd2 Qa6 12.d5 Nc5 13.Bf1 Qb6 14.b4 Qxb4 15.Nb5 Qb2 16.Bc3
Qxa1 17.Qxa1 cxb5 18.Nd2 bxc4 19.f4 b5 20.fxe5 dxe5 21.Bxe5 Rxe5 22.Qxe5 Bxh3
23.Qe7 Nd3 24.Bxd3 cxd3 25.Qb7 Rc8 26.e5 Ne8 27.e6 Nd6 28.Qd7 Bd4+ 29.Kh2 Bf5
30.Qxd6 fxe6 31.dxe6 {#r} 1-0

[Event "Ch Kiev"]
[Site "masterchessopen.com Kiev (Ukraine)"]
[Round "3"]
[White "Sergeev Vladimir (UKR)"]
[Black "Shianovsky Vladislav I (UKR)"]
[Result "1-0"]
[WhiteElo "2526"]
[BlackElo "2255"]

1.d4 Nf6 2.c4 g6 3.Nf3 Bg7 4.g3 O-O 5.Bg2 d6 6.Nc3 Nbd7 7.O-O e5 8.e4 c6 9.h3
Re8 10.Re1 Qb6 11.d5 Nc5 12.Rb1 a5 13.Be3 cxd5 14.cxd5 Bd7 15.Nd2 Rec8 16.Nb3
a4 17.Nxc5 dxc5 18.f4 Nh5 19.Qf3 f5 20.Bf2 Rf8 21.exf5 Bxf5 22.Rbc1 Bd7 23.Ne4
exf4 24.g4 Ng3 25.Nxc5 Qd6 26.Nxb7 Qf6 27.Rc7 Rf7 28.Nc5 Bb5 29.Ne6 Be2
30.Rxf7 Qxf7 31.Qxf4 {#r} 1-0

[Event "Ch Argentina (juniors) (under 20)"]
[Site "masterchessopen.com Neuquen (Argentina)"]
[Round "11"]
[White "Fulgenzi Ernesto (ARG)"]
[Black "Servat Roberto (ARG)"]
[Result "0-1"]
[WhiteElo "2338"]
[BlackElo "2290"]

1.Nf3 Nf6 2.c4 g6 3.Nc3 Bg7 4.g3 O-O 5.Bg2 d6 6.d4 Nbd7 7.O-O e5 8.e4 c6 9.h3
Qb6 10.c5 dxc5 11.dxe5 Ne8 12.Na4 Qa6 13.Bg5 b5 14.Nc3 Nc7 15.Be7 Re8 16.Bd6
Qb6 17.Ne2 Bb7 18.Kh1 Rad8 19.Qc1 c4 20.Qf4 Ne6 21.Qh4 Nec5 22.Nh2 Nxe5
23.Bxe5 Bxe5 24.f4 Bg7 25.f5 Nxe4 26.f6 Nxf6 27.Rxf6 Rxe2 28.Raf1 Rxg2 29.Rxf7
Rg1+ {#R} 0-1

[Event "Ch URS (1/2 final)"]
[Site "masterchessopen.com Sevastopol (Ukraine)"]
[Round "0"]
[White "Petrosian Arshak B (ARM)"]
[Black "Saltaev Mihail (UZB)"]
[Result "1-0"]
[WhiteElo "2495"]
[BlackElo "2484"]

1.d4 Nf6 2.c4 d6 3.Nc3 Nbd7 4.Nf3 c6 5.g3 g6 6.Bg2 Bg7 7.O-O O-O 8.e4 e5 9.h3
Re8 10.Be3 exd4 11.Nxd4 Nc5 12.Qc2 Qe7 13.Rfe1 Bd7 14.Nb3 h6 15.Nxc5 dxc5
16.f4 Nh7 17.e5 Bf8 18.Rad1 Rad8 19.Qa4 Bf5 20.Rxd8 Rxd8 21.Qxa7 f6 22.exf6
Nxf6 23.Bf2 Qf7 24.Bxc5 Rd2 25.Bxf8 Kxf8 26.Qc5+ Kg8 27.g4 Be6 28.Qe3 {#r} 1-0

[Event "Ch Netherlands (corr.)"]
[Site "masterchessopen.com corr."]
[Round "0"]
[White "Hendriks Richard (NED)"]
[Black "Brink Gerhard (GER)"]
[Result "1-0"]
[WhiteElo "2136"]
[BlackElo "1919"]

1.Nf3 Nf6 2.g3 g6 3.Bg2 Bg7 4.O-O O-O 5.c4 d6 6.d4 Nbd7 7.Nc3 e5 8.e4 c6 9.h3
Qe7 10.Re1 Ne8 11.Be3 Nc7 12.Qd2 Ne6 13.d5 Nc7 14.dxc6 bxc6 15.Red1 Ne8
16.Rac1 f5 17.b4 Nb6 18.c5 fxe4 19.Nxe4 Nc4 20.Rxc4 d5 21.Rcc1 dxe4 22.Ng5 a5
23.b5 Nf6 24.Nxe4 Nd5 25.Bg5 Qe6 26.Nd6 a4 27.Nxc8 Raxc8 28.Bxd5 {#r} 1-0

[Event "Ch Europe (juniors)"]
[Site "masterchessopen.com Groningen (Netherlands)"]
[Round "0"]
[White "Sommerbauer Norbert (AUT)"]
[Black "McDonald Neil R (ENG)"]
[Result "0-1"]
[WhiteElo "2414"]
[BlackElo "2400"]

1.Nf3 Nf6 2.d4 g6 3.c4 Bg7 4.g3 O-O 5.Bg2 d6 6.Nc3 Nbd7 7.O-O e5 8.e4 c6 9.h3
Qb6 10.d5 Nc5 11.Qc2 cxd5 12.cxd5 Bd7 13.Be3 Rfc8 14.Nd2 Qd8 15.a4 Nh5 16.Qd1
Nd3 17.Qb3 Ndf4 18.Nc4 Bxh3 19.Bxh3 Nxh3+ 20.Kh2 N3f4 21.Nb5 Qd7 22.gxf4 exf4
23.Bd2 Rxc4 24.Qxc4 f3 25.Rg1 Be5+ 26.Rg3 Qg4 27.Be1 Nxg3 28.fxg3 Qh4+ 29.Kg1
Bxg3 30.Qc2 Bxe1 {#R} 0-1

[Event "It"]
[Site "masterchessopen.com Switzerland"]
[Round "0"]
[White "Fioramonti Hung (SUI)"]
[Black "Christoffel Ulrich (GER)"]
[Result "1-0"]
[WhiteElo "2344"]
[BlackElo "2138"]

1.Nf3 Nf6 2.g3 g6 3.Bg2 Bg7 4.c4 d6 5.Nc3 e5 6.d4 Nbd7 7.O-O O-O 8.e4 c6 9.h3
Qb6 10.Re1 exd4 11.Nxd4 Ne8 12.Nce2 Ne5 13.Qc2 Qa6 14.b3 c5 15.Nb5 Nf3+
16.Bxf3 Bxa1 17.Nec3 Bxc3 18.Qxc3 f6 19.Rd1 Bd7 20.Nxd6 Nxd6 21.e5 fxe5
22.Bd5+ Nf7 23.Qxe5 Rae8 24.Qc3 Re6 25.Bb2 Rf6 26.Bxb7 Qxb7 27.Qxf6 {#r} 1-0

[Event "?"]
[Site "masterchessopen.com Warsaw (Poland)"]
[Round "0"]
[White "Hawelko Marek (POL)"]
[Black "Negulescu Adrian (ROM)"]
[Result "1-0"]
[WhiteElo "2460"]
[BlackElo "2395"]

1.e4 g6 2.d4 c6 3.c4 Bg7 4.Nc3 d6 5.Nf3 Nd7 6.g3 e5 7.Bg2 Ngf6 8.O-O O-O 9.h3
a6 10.Qc2 Re8 11.Be3 b5 12.c5 dxc5 13.dxe5 Nxe5 14.Nxe5 Rxe5 15.f4 Rh5 16.e5
Nd5 17.Nxd5 cxd5 18.g4 Rh4 19.Rad1 Be6 20.Qxc5 h5 21.f5 hxg4 22.fxe6 fxe6
23.Qc6 gxh3 24.Qxe6+ Kh7 25.Bxd5 Qe8 26.Qxe8 Rxe8 27.e6 Bxb2 28.Rf7+ Kh8 29.e7
{#r} 1-0

[Event "It (open)"]
[Site "masterchessopen.com Wuerzburg (Germany)"]
[Round "0"]
[White "Schlichtmann Gisbert (GER)"]
[Black "Kobs Stephan (GER)"]
[Result "1-0"]
[WhiteElo "2204"]
[BlackElo "2021"]

1.Nf3 d6 2.d4 Nf6 3.g3 g6 4.Bg2 Bg7 5.O-O O-O 6.c4 Nbd7 7.Nc3 e5 8.e4 c6 9.h3
Qb6 10.Re1 exd4 11.Nxd4 Ne8 12.Nb3 Ne5 13.Bf1 Be6 14.Be3 Qc7 15.Nd2 f5 16.Rc1
Qf7 17.b3 Nf6 18.f4 Ned7 19.Nf3 fxe4 20.Ng5 Qe7 21.Ncxe4 Nxe4 22.Nxe4 d5
23.Ng5 Bf5 24.cxd5 Bb2 25.Bd4 Bxd4+ 26.Qxd4 Qd6 27.Bc4 c5 28.Qc3 Nf6 29.Qe5
{#r} 1-0

[Event "Ch DDR (w)"]
[Site "masterchessopen.com Glauchau (Germany)"]
[Round "11"]
[White "Nehse Gundula (GER)"]
[Black "Gollewsky Petra"]
[Result "1-0"]
[WhiteElo "2000"]
[BlackElo "2000"]

1.d4 Nf6 2.Nf3 g6 3.g3 Bg7 4.Bg2 d6 5.O-O O-O 6.c4 Nbd7 7.Nc3 c6 8.h3 e5 9.e4
Qb6 10.Qc2 exd4 11.Na4 Qa6 12.Nxd4 Nc5 13.Nxc5 dxc5 14.Nb3 Be6 15.Nxc5 Qxc4
16.Qxc4 Bxc4 17.Rd1 Rad8 18.Bg5 h6 19.Bxf6 Bxf6 20.Nd7 Bxb2 21.Nxf8 Rxd1+
22.Rxd1 Kxf8 23.Rd7 Bxa2 24.Rd2 {#r} 1-0

[Event "It (open)"]
[Site "masterchessopen.com Leichlingen (Germany)"]
[Date "1987.05.27"]
[Round "1"]
[White "Fischbach Hendrik"]
[Black "Hubert Ralf (GER)"]
[Result "1-0"]
[WhiteElo "1850"]
[BlackElo "2293"]

1.d4 Nf6 2.Nf3 g6 3.g3 Bg7 4.Bg2 O-O 5.c4 c6 6.Nc3 d6 7.O-O Nbd7 8.h3 e5 9.e4
Qa5 10.Qc2 Qb4 11.Ne2 exd4 12.Bd2 Qb6 13.Nfxd4 Re8 14.Be3 Qa6 15.b4 Ne5 16.b5
Qa3 17.Rfd1 Be6 18.Nxe6 fxe6 19.Rab1 cxb5 20.Rxb5 Rac8 21.c5 b6 22.Rxd6 Bf8
23.Rb3 Qa6 24.Qb2 Bxd6 25.cxd6 Nfd7 26.Bh6 Rc5 27.f4 Rec8 28.Ra3 Rc2 29.Qxc2
{#r} 1-0

[Event "Ch World (juniors) (under 20)"]
[Site "masterchessopen.com Adelaide (Australia)"]
[Round "7"]
[White "Watanabe Roberto (BRA)"]
[Black "Al-Modiahki Mohamad (QAT)"]
[Result "1-0"]
[WhiteElo "2370"]
[BlackElo "2230"]

1.Nf3 Nf6 2.g3 g6 3.Bg2 Bg7 4.O-O O-O 5.c4 d6 6.Nc3 c6 7.d4 Nbd7 8.e4 e5 9.h3
Qb6 10.Re1 exd4 11.Nxd4 Re8 12.Nc2 Nc5 13.b4 Ne6 14.Be3 Qc7 15.Qd2 Nd7 16.Bh6
Ne5 17.Bxg7 Kxg7 18.Qe2 a5 19.a3 f6 20.Kh2 Bd7 21.f4 Nf7 22.Qd3 Rad8 23.Ne2
Bc8 24.Ne3 axb4 25.axb4 Qe7 26.Qc3 Nc7 27.Nd4 Ne6 28.Ndf5+ {#r} 1-0

[Event "It (open)"]
[Site "masterchessopen.com Bern (Switzerland)"]
[Round "0"]
[White "Kirov Nino (BUL)"]
[Black "Brendel Oliver (GER)"]
[Result "1-0"]
[WhiteElo "2419"]
[BlackElo "2375"]

1.Nf3 g6 2.d4 Nf6 3.c4 Bg7 4.g3 O-O 5.Bg2 d6 6.O-O Nbd7 7.Nc3 e5 8.e4 c6 9.h3
Re8 10.Re1 a5 11.b3 exd4 12.Nxd4 Nc5 13.Rb1 Nfd7 14.Be3 Qe7 15.f4 f5 16.Bf2
fxe4 17.Nxe4 Nxe4 18.Rxe4 Qxe4 19.Bxe4 Rxe4 20.Nb5 Nf6 21.Nc7 Rb8 22.Ba7 Nh5
23.Bxb8 Nxg3 24.Qf3 Ne2+ 25.Kf1 Bf5 26.Re1 {#r} 1-0

[Event "It (open)"]
[Site "masterchessopen.com Dieren (Netherlands)"]
[Round "9"]
[White "Vogel Jaap (NED)"]
[Black "Canfell Gregory (AUS)"]
[Result "1-0"]
[WhiteElo "2265"]
[BlackElo "2326"]

1.Nf3 Nf6 2.g3 g6 3.Bg2 Bg7 4.d4 O-O 5.c4 d6 6.O-O Nbd7 7.Nc3 e5 8.e4 c6 9.h3
Re8 10.Re1 Qb6 11.Na4 Qa6 12.b3 b5 13.Nb2 bxc4 14.Nxc4 Nxe4 15.Rxe4 d5 16.Rxe5
Nxe5 17.Ncxe5 Bf5 18.Bf1 Qa5 19.Bd2 Qb6 20.Be3 Be4 21.Rc1 Rac8 22.Ng5 Re7
23.Nxe4 dxe4 24.Qg4 Qb7 25.Bc4 c5 26.Bd5 Qa6 27.Bg5 Rec7 28.Qxe4 cxd4 29.Rxc7
{#r} 1-0

[Event "It (open)"]
[Site "masterchessopen.com Eindhoven (Netherlands)"]
[Round "0"]
[White "Theulings Paul-Peter (NED)"]
[Black "Van Der Tuuk Jaap (NED)"]
[Result "1-0"]
[WhiteElo "2132"]
[BlackElo "2218"]

1.Nf3 Nf6 2.c4 g6 3.Nc3 Bg7 4.g3 O-O 5.Bg2 d6 6.d4 Nbd7 7.O-O e5 8.e4 c6 9.h3
Qb6 10.Re1 Re8 11.Re2 exd4 12.Nxd4 Nc5 13.Bf4 Ne6 14.Be3 Qb4 15.Rc2 Nxd4
16.Bxd4 Be6 17.b3 Rad8 18.Rac1 a6 19.Na4 Nd7 20.Bxg7 Kxg7 21.Nb2 Nc5 22.Rd2
Qa3 23.Rc3 Rd7 24.Nd3 Rde7 25.Qa1 Nxd3 26.b4 Qxb4 27.Rb3+ Kg8 28.Rxb4 Nxb4
29.a3 {#r} 1-0

[Event "It (open)"]
[Site "masterchessopen.com Eppingen (Germany)"]
[Round "1"]
[White "Hatz Alexander (GER)"]
[Black "Jurlina Robert (GER)"]
[Result "1-0"]
[WhiteElo "2221"]
[BlackElo "2127"]

1.Nf3 Nf6 2.d4 g6 3.g3 Bg7 4.Bg2 O-O 5.O-O d6 6.c4 Nbd7 7.Nc3 e5 8.e4 c6 9.h3
Qb6 10.d5 Nc5 11.Ne1 cxd5 12.cxd5 Bd7 13.Nd3 Nxd3 14.Qxd3 Rfc8 15.Rb1 Qb4
16.Be3 Nh5 17.Kh2 f5 18.a3 Qb3 19.Qd1 Qxd1 20.Rfxd1 fxe4 21.Nxe4 Bf5 22.Nxd6
Bxb1 23.Nxc8 Bc2 24.Ne7+ {#r} 1-0

[Event "It (open)"]
[Site "masterchessopen.com Eppingen (Germany)"]
[Round "10"]
[White "Kratochwil Christian (GER)"]
[Black "Gerigk Erasmus (GER)"]
[Result "1-0"]
[WhiteElo "2281"]
[BlackElo "2346"]

1.Nf3 Nf6 2.g3 g6 3.Bg2 Bg7 4.O-O O-O 5.c4 d6 6.d4 Nbd7 7.Nc3 e5 8.e4 c6 9.h3
a5 10.Re1 Re8 11.Rb1 exd4 12.Nxd4 Nc5 13.Qc2 Nfxe4 14.Nxe4 Bxd4 15.Bg5 Qd7
16.Nf6+ Bxf6 17.Bxf6 Re6 18.Bc3 Qe7 19.h4 Rxe1+ 20.Rxe1 Be6 21.b3 f6 22.Qd2 a4
23.b4 Nd7 24.f4 Re8 25.b5 cxb5 26.Rxe6 {#r} 1-0

[Event "It"]
[Site "masterchessopen.com Nordwalde (Germany)"]
[Round "6"]
[White "Cmiel Thorsten (GER)"]
[Black "Holm Sejer (DEN)"]
[Result "1-0"]
[WhiteElo "2250"]
[BlackElo "2222"]

1.Nf3 Nf6 2.c4 g6 3.Nc3 Bg7 4.d4 O-O 5.g3 d6 6.Bg2 c6 7.O-O Nbd7 8.h3 e5 9.e4
exd4 10.Nxd4 a5 11.Nc2 Nc5 12.Bf4 Re8 13.Re1 Qb6 14.Rb1 Be6 15.Qxd6 Rad8
16.Qc7 Qxc7 17.Bxc7 Rd7 18.Bxa5 Bxc4 19.Bb6 Nd3 20.Red1 Rde7 21.Bd4 Rd7 22.Bf1
Nxe4 23.Bxd3 Bxd3 24.Rxd3 Nxc3 25.bxc3 c5 26.Re3 Rxe3 27.Bxe3 Bxc3 28.Bxc5 Rd2
29.Nb4 {#r} 1-0